Expresiones culturales andinas en Azuay y Cañae: estudios de casos en tres parroquias rurales

Saved in:
Bibliografiske detaljer
Institution som forfatter: Universidad de Cuenca (Author)
Format: Bog
Sprog:spansk
Udgivet: Cuenca Instituto de Investigaciones Sociales 1992
Fag:
Tags: Tilføj Tag
Ingen Tags, Vær først til at tagge denne postø!

MARC

LEADER 00000nam a2200000 a 4500
001 UCX6610
003 CL-VaPUC
008 930730e19920000EC |||||||||||||||||spa|d
082 0 4 |a 306.08  |b UNI  |2 21 
110 2 |a Universidad de Cuenca  |e author  |9 323194 
245 1 0 |a Expresiones culturales andinas en Azuay y Cañae: estudios de casos en tres parroquias rurales 
300 |a 2 v 
942 |c BK 
945 |d 19930730 00:00:00  |a aalvarez 
260 |a Cuenca  |b Instituto de Investigaciones Sociales  |c 1992 
650 0 |a Cultura  |9 269059 
651 0 |a América Latina   |9 255027 
583 |a last modification  |c 19930730 00:00:00  |k Rodrigo Vera 
999 |c 226606  |d 226604 
952 |0 0  |1 0  |4 0  |6 306_080000000000000_UNI_1992  |7 0  |8 A  |9 225107  |a BIBTEO  |b BIBTEO  |d 2019-11-15  |h v.1  |i 2938049  |o 306.08 UNI 1992  |p 2938049  |r 2025-01-17  |w 2019-11-15  |y BK  |k ICR 
952 |0 0  |1 0  |4 0  |6 306_080000000000000_UNI_1992  |7 0  |8 A  |9 225108  |a BIBTEO  |b BIBTEO  |d 2019-11-15  |h v.2  |i 2938057  |o 306.08 UNI 1992  |p 2938057  |r 2025-01-17  |w 2019-11-15  |y BK  |k ICR